000 00564nam a2200217Ii 4500
003 JO-AjNU
008 230606s9999||||xx |||||||||||||| ||und||
020 _a1-292-05770-X
040 _aJO-AjNU
_beng
_erda
_cJO-AjNU
041 _aeng
050 1 4 _aQA154.2.B54.2015
100 3 _aJohnson,Barbara,
_eauthor
_94351
245 0 0 _aIntermediate Algebra
250 _a12 ed
264 3 1 _aPearson,2015
300 _a853p
336 _atext
_btxt
_2rdacontent
337 _aunmediated
_bn
_2rdamedia
338 _avolume
_bnc
_2rdacarrier
650 4 _aAlgebra
_94352
999 _aE2261
_c2259
_d2259